| 000 | 02470nam0a2200469 4500 | ||
|---|---|---|---|
| 001 | RU\NLR\bibl\506877 | ||
| 005 | 20260407131838.0 | ||
| 010 | _a5-244-00932-X | ||
| 010 |
_a5-244-009338 _9500 |
||
| 021 |
_aRU _b2003-70873 _93508 |
||
| 035 | _aRSL-KNO-002393279 | ||
| 035 | _a(NLR Aleph) 000499426 | ||
| 090 |
_a1164160 _c1164160 |
||
| 100 | _a20031218d2003 |||y0rusy50 ca | ||
| 101 | 0 | _arus | |
| 102 | _aRU | ||
| 105 | _ay ||||||||| | ||
| 106 | _ar | ||
| 200 | 1 |
_aМировая политика, международная безопасность и транснациональные процессы в XXI веке: уроки, вызовы и выбор России _eнауч. докл. Третьего Всерос. конгресса политологов, 29-30 апр. 2003 г., Москва _f[Редкол.: Семигин Г.Ю. (общ. ред.), Патрушев С.В. (ред.-сост.) и др.] |
|
| 210 |
_aМ. _cИСП РАН _d2003 |
||
| 215 |
_a360, [2] с. _d21 |
||
| 300 | _aВ надзаг.: Ин-т сравнит. политологии Рос. акад наук, Рос. ассоц. полит. науки | ||
| 320 | _aБиблиогр. в подстроч. прим. | ||
| 606 | 0 |
_aГлобализация _jСъезды, совещания и т.п. _xПолитологический аспект _92213442 _3RU\NLR\auth\661329562 |
|
| 606 | 0 |
_aПолитика _jСъезды, совещания и т.п. _91273659 _3RU\NLR\auth\66206728 |
|
| 607 |
_aРоссийская Федерация _jСъезды, совещания и т.п. _xПолитические процессы _92073289 _3RU\NLR\auth\661248178 |
||
| 686 |
_aТ3(2Р)64я431 _2rubbk |
||
| 686 |
_aТ3(0)64-6я431 _2rubbk |
||
| 686 | _aФ4я431 | ||
| 686 | _aФ3(2)3я431 | ||
| 702 | 1 |
_aПатрушев _bС. В. _4340 |
|
| 702 | 1 |
_aСемигин _bГ. Ю. _gГеннадий Юрьевич _4340 |
|
| 711 | 1 | 2 |
_aВсероссийский конгресс политологов _d3 _eМосква _f2003 _9605844 _3RU\NLR\AUTH\8810052709 |
| 712 | 0 | 2 |
_4475 _aИнститут сравнительной политологии и проблем рабочего движения _cМосква _9473435 _3RU\NLR\AUTH\889988936 |
| 801 | 0 |
_aRU _bRuMoRKP _c20031218 _gPSBO |
|
| 801 | 1 |
_aRU _bRuMoRKP _c20031218 |
|
| 801 | 2 |
_aRU _bNLR _c20040401 _gPSBO |
|
| 830 | _aРед. по базе | ||
| 942 | _cBOOK | ||
| 980 | _aNB | ||